000 00440nam a2200133 a 4500
001 ASIN0819150401
005 20140918175410.0
008 140918s2005 xxu eng d
100 1 _aObusdsman Sind.
245 1 4 _aOmbudsman sind pakistan annual report 2005
_cObusdsman Sind
260 _a[Karachi] :
_bOmbusdsman sindh,
_c2005.
300 _a17 p. ;
_c22 cm.
856 4 0 _3Amazon.com
_uhttp://www.amazon.com/exec/obidos/ASIN/chopaconline-20
999 _c10083
_d10083